Indian costume /
Guardado en:
| Autor Principal: | |
|---|---|
| Formato: | Libro |
| Publicado: |
Bombay :
Popular Prakashan,
1966
|
| Edición: | 2a. ed. |
| Materias: | |
| Etiquetas: |
Agregar Etiqueta
Sin Etiquetas, Sea el primero en etiquetar este registro!
|
| LEADER | 00494nam a22001695a 4500 | ||
|---|---|---|---|
| 001 | EHU.bham003607 | ||
| 003 | AR-BHAM | ||
| 005 | 20070528171146.0 | ||
| 008 | 130507s1966##################000#0#####d | ||
| 082 | 3 | 9 | |a 391.0954 |
| 100 | 1 | |a Ghurye, G.s. | |
| 245 | 1 | 0 | |a Indian costume / |c G.S. Ghurye. |
| 250 | |a 2a. ed. | ||
| 260 | |a Bombay : |b Popular Prakashan, |c 1966 | ||
| 300 | |a 285 p. | ||
| 653 | |a Vestimenta-india | ||
| 859 | |a AR-BHAM |b BIB. HUMANIDADES - Lectura de escasa demanda |h 391.0954 |i G346 |p 64.73 |t Ej.1 |v LED405 | ||
